Countries Bordering Saudi Arabia - Statistics

General Stats
  • This quiz has been taken 120,315 times
    117,516 since last reset
  • The average score is 7 of 8
Answer Stats
Length (km) Country % Correct
676 Oman
98%
1,458 Yemen
98%
814 Iraq
95%
457 United Arab Emirates
95%
60 Qatar
94%
744 Jordan
91%
222 Kuwait
89%
(by bridge) Bahrain
84%
No matching quizzes found
Score Distribution
Percent of People with Each Score
Percentile by Number Answered
Your Score History
You have not taken this quiz since the last reset